Estadísticas para Mapa de Capitales de Asia

Haz click aquí para tomar la prueba!

Estadísticas generales

  • Esta prueba ha sido tomada 3.264 veces
  • La puntuación promedio es 31 de 48

Respuestas en el mapa

Las respuestas están codificadas por una escala verde-roja en el mapa de la prueba según el % correcto abajo.
 

Estadísticas de respuestas

Respuesta% Correcto
Pekín
92%
Tokio
92%
Seúl
91%
Nueva Delhi
89%
Pionyang
88%
Taipéi
82%
Ulán Bator
82%
Ankara
80%
Sri Jayawardenapura Kotte
80%
Singapur
78%
Bangkok
77%
Manila
76%
Abu Dabi
72%
Yakarta
72%
Hanói
71%
Jerusalén
71%
Kuwait
71%
Nicosia
71%
Katmandú
69%
Riad
68%
Teherán
68%
Islamabad
66%
Kabul
66%
Bagdad
65%
Kuala Lumpur
65%
Daca
64%
Doha
63%
Tiflis
62%
Bakú
61%
Nom Pen
61%
Beirut
59%
Damasco
59%
Astaná
57%
Vientián
57%
Malé
56%
Ereván
55%
Saná
53%
Amán
52%
Bandar Seri Begawan
52%
Dili
52%
Naipyidó
52%
Timbu
52%
Mascate
50%
Asjabad
44%
Biskek
43%
Manama
43%
Taskent
40%
Dusambé
34%

Distribución de puntuación

Porcentaje por número respondido

Porcentaje de gente con cada puntuación

Historial de tus puntuaciones

No has tomado esta prueba